000 00828nam a2200313 a 4500
003 AR-BaBNM
005 20251128205114.0
008 082120s2002 ||||||||||||||000 | spa||
020 _a950-25-0033-4
040 _cAR-BaBNM
100 1 _aRomero, José Luis
245 0 0 _aEl drama de la democracia argentina
260 _aBuenos Aires
_bCentro Editor de América Latina
_c1983
300 _a142 p.
490 0 _aBiblioteca política argentina
_vv. 35
610 2 4 _aPartido Justicialista
650 4 _aPOLITICA
650 4 _aEDUCACION
650 4 _aHISTORIA
650 4 _aDEMOCRACIA
650 4 _aSOCIALISMO
650 4 _aSOCIALISMO
651 4 _aArgentina
653 _aPERONISMO
700 1 _aRomero, Luis Alberto
_eprologuista
800 1 _aTroncoso, Oscar
_edirector
942 _cBK
998 _cMariana
999 _c10008
_d10008